书目信息 |
| 题名: |
经典释文
|
|
| 作者: | 陆德明 撰 | |
| 分册: | 二 毛诗音义 | |
| 出版信息: | 上海 上海古籍出版社 1980.11 |
|
| 页数: | 1册 | |
| 开本: | 29*18.5cm | |
| 丛书名: | ||
| 单 册: | ||
| 中图分类: | H131.6 | |
| 科图分类: | ||
| 主题词: | 汉语--语义 , 汉语--语义学 , 汉语--词汇 , 训诂 | |
| 电子资源: | ||
| ISBN: | ||
| 000 | 00913nam0 2200325 45 | |
| 001 | 0185018779 | |
| 005 | 20061020103713.20 | |
| 010 | @b线装@dCNY90.00(函) | |
| 091 | @a9186.31 | |
| 091 | @a9186.5 | |
| 100 | @a19901005e1980 kemy0chiy0121 ea | |
| 101 | 0 | @achi |
| 102 | @aCN@b310000 | |
| 105 | @ay z 000yy | |
| 200 | 10 | @a经典释文@Ajing dian shi wen@h二@i毛诗音义@f(唐)陆德明撰@F(Tang)Lu De Ming Zhuan |
| 205 | @b影印本 | |
| 210 | @a上海@c上海古籍出版社@d1980.11 | |
| 215 | @a1册@d29*18.5cm | |
| 300 | @a根据北京图书馆藏宋刻本影印,原书版框高一九五毫米,宽一六五毫米 | |
| 300 | @a一至八册为一函,共三十卷 | |
| 517 | 1 | @a毛诗音义@Amao shi yin yi |
| 606 | 0 | @a汉语@x语义 |
| 606 | 0 | @a汉语@x语义学 |
| 606 | 0 | @a汉语@x词汇 |
| 606 | 0 | @a训诂 |
| 690 | @aH131.6@v3 | |
| 701 | 0 | @a陆德明@4撰 |
| 801 | 2 | @aCN@bNLC@c20061020 |
| 801 | 0 | @aCN@b深圳图书馆@c20041229 |
| 905 | @a10447@dH131.6@e10:2 | |
| 经典释文.二.毛诗音义/(唐)陆德明撰.-影印本.-上海:上海古籍出版社,1980.11 |
| 1册;29*18.5cm |
| 根据北京图书馆藏宋刻本影印,原书版框高一九五毫米,宽一六五毫米.-一至八册为一函,共三十卷 |
| ISBN (线装):CNY90.00(函) |
| ● |
| 相关链接 |
|
|
|
|
正题名:经典释文
索取号:H131.6/10:2
 
预约/预借
| 序号 | 登录号 | 条形码 | 馆藏地/架位号 | 状态 | 备注 |
| 1 | 0265330 | 202407859 | 古籍典藏专区/ [索取号:H131.6/10:2] | 在馆 |